000 00922nam a2200265 i 4500
001 8954
003 KOSZ 005
005 20221026142323.0
008 070609s1969 pl g f 000 0 pol
015 _aPB 1970/799
040 _aWA N
_cWA N
_dKOSZ 005/RW
080 _a14
100 1 _aŁadosz, Jarosław
_d(1924-1998)
_eAutor
245 1 0 _aMaterializm dialektyczny /
_cJarosław Ładosz.
260 _aWarszawa :
_bPaństwowe Zakłady Wydawnictw Szkolnych,
_c1969.
300 _a151, [1] s. ;
_c25 cm.
380 _aKsiążki.
490 1 _aWybrane Zagadnienia z Filozofii.
655 4 _aPodręcznik
650 4 _aMaterializm dialektyczny
710 2 _aPaństwowe Zakłady Wydawnictw Szkolnych
_4pbl.
830 0 _aWybrane Zagadnienia z Filozofii.
856 _uhttp://koha.tu.koszalin.pl/cgi-bin/koha/opac-detail.pl?biblionumber=8954
_yKatalog online BPK
942 _2UKD
_cKS
999 _c8954
_d8954